MICROINDUSTRIA : PRINCIPIO Y SOPORTE DE LA GRAN EMPRESA, LA PRODUCCION DEL CALZADO EN LEON, GUANAJUATO /

INCLUYE BIBLIOGRAFIA

Guardado en:
Detalles Bibliográficos
Autor principal: Calleja Pinedo, Margarita (autor)
Formato: Libro
Colección:FIN DE MILENIO
Temas:
Etiquetas: Agrega una etiqueta
Sin etiquetas, Sé el primero en etiquetar este registro!

MARC

LEADER 00000nam^a2200000^a^4500
001 000234065
005 20250521000000.0
009 20260310104711.88
020 |a 968-895-454-3 
035 |a 057403 
037 |a Acervo Xavier Clavigero 
082 |a 338. 47  |b CAL 
100 |a Calleja Pinedo, Margarita  |e (autor) 
245 1 0 |a MICROINDUSTRIA :  |b PRINCIPIO Y SOPORTE DE LA GRAN EMPRESA, LA PRODUCCION DEL CALZADO EN LEON, GUANAJUATO /  |c MARGARITA CALLEJA PINEDO 
264 |a Guadalajara, México :  |b U DE G,  |c 1994 
300 |a 266 p. 
336 |a texto  |b txt  |2 rdacontenido 
337 |a sin mediación  |b n  |2 rdamedio 
338 |a volumen  |b nc  |2 rdasoporte 
440 |a FIN DE MILENIO 
520 |a INCLUYE BIBLIOGRAFIA 
649 |a XX 
650 |a Industria del Calzado -  |z León, Guanajuato 
910 |a Fondo General 
920 |a Impresos - Libros 
930 |a Colección General 
905 |a 101 
901 |a 057403  |b IT1  |c ACC  |i 057403  |u 20250521 
902 |a https://opac.biblio.iteso.mx/vufind/Record/000234065